| 000 | 00604nam a2200193 i 4500 | ||
|---|---|---|---|
| 001 | 185159 | ||
| 003 | ES-MaACL | ||
| 005 | 20250903084135.0 | ||
| 008 | 160331q1895 fr |||| | fre d | ||
| 245 | 0 | 0 |
_aLibrairie H. Welter : _bcatalogue nº 84. |
| 260 |
_aParis : _bH. Welter, _c[ca. 1895] |
||
| 300 |
_a122 p. ; _c24 cm. |
||
| 610 | 2 | 4 |
_aLibrairie H. Welter- _vCatálogos. _9159257 |
| 650 | 4 |
_aCatálogos de editores- _zFrancia _912068 |
|
| 650 | 4 |
_aLibros- _vCatálogos comerciales. _9159004 |
|
| 710 | 2 |
_aLibrairie H. Welter. _9159255 |
|
| 852 | 4 |
_aES-MaACL _jT-967-F-4 |
|
| 999 |
_c185159 _d185159 |
||